Déjame ser tu voz / (Record no. 183063)
[ view plain ]
| 000 -LEADER | |
|---|---|
| campo de control de longitud fija | 00728nam a2200205 i 4500 |
| 001 - NÚMERO DE CONTROL | |
| campo de control | 183063 |
| 003 - IDENTIFICADOR DE NÚMERO DE CONTROL | |
| campo de control | ES-MaACL |
| 005 - FECHA Y HORA DE LA ÚLTIMA TRANSACCIÓN | |
| campo de control | 20240418141838.0 |
| 008 - DATOS DE LONGITUD FIJA--INFORMACIÓN GENERAL | |
| campo de control de longitud fija | 140114s2008 sp |||| | spa d |
| 080 ## - NÚMERO DE LA CLASIFICACIÓN DECIMAL UNIVERSAL | |
| Número de la Clasificación Decimal Universal | 821.134.2-14"19" |
| 100 1# - ENTRADA PRINCIPAL--NOMBRE DE PERSONA | |
| Nombre de persona | González Jareño, Gloria. |
| 9 (RLIN) | 154175 |
| 245 10 - MENCIÓN DEL TÍTULO | |
| Título | Déjame ser tu voz / |
| Mención de responsabilidad, etc. | Gloria González Jareño ; prólogo Isabel Rey Reguillo. |
| 260 ## - PUBLICACIÓN, DISTRIBUCIÓN, ETC. | |
| Lugar de publicación, distribución, etc. | [Alcázar de San Juan] : |
| Nombre del editor, distribuidor, etc. | Ateneo de Alcázar de San Juan, |
| Fecha de publicación, distribución, etc. | D.L. 2008. |
| 300 ## - DESCRIPCIÓN FÍSICA | |
| Extensión | 107 p. ; |
| Dimensiones | 21 cm. |
| 700 1# - ENTRADA AGREGADA--NOMBRE PERSONAL | |
| Nombre de persona | Rey Reguillo, Isabel del, |
| Fechas asociadas al nombre | 1953- |
| 9 (RLIN) | 154176 |
| 710 2# - ENTRADA AGREGADA--NOMBRE DE ENTIDAD CORPORATIVA | |
| Nombre de entidad corporativa o nombre de jurisdicción como elemento de entrada | Ateneo de Alcázar de San Juan. |
| 9 (RLIN) | 154177 |
| 852 ## - LOCALIZACIÓN | |
| Ubicación | ES-MaACL |
| Número de control de estantería | A-13026 |
| itemnumber | 189997 |
| Sublocalización o colección | R.149865 |
| Ubicación en estantería | Depósito 1 |
| Signatura antigua | Olim: N-6026 |
| 942 ## - ELEMENTOS DE ENTRADA SECUNDARIOS (KOHA) | |
| Fuente del sistema de clasificación o colocación | Clasificación decimal universal |
| Tipo de ítem Koha | Libro impreso |
| Estatus retirado | Estado de pérdida | Fuente del sistema de clasificación o colocación | Estado de daño | No para préstamo | Biblioteca de origen | Biblioteca actual | Ubicación en estantería | Fecha de adquisición | Fuente de adquisición | Total de préstamos | Signatura topográfica completa | Código de barras | Visto por última vez | Precio de reemplazo | Tipo de ítem Koha |
|---|---|---|---|---|---|---|---|---|---|---|---|---|---|---|---|
| Clasificación decimal universal | Biblioteca del Ateneo de Madrid | Biblioteca del Ateneo de Madrid | Depósito 1 | 14/01/2014 | Donación | A-13026 | 1192402 | 23/02/2023 | 23/02/2023 | Libro impreso |
